[Event "HUN-ch U16/18 Girls"]
[Site "Buek"]
[Date "2023.06.20"]
[Round "2"]
[White "Harkai, Emma"]
[Black "Kovacs, Reka"]
[Result "0-1"]
[WhiteElo "1749"]
[BlackElo "1856"]
[PlyCount "138"]
[EventDate "2023.06.17"]
[EventType "swiss"]
[EventRounds "9"]
[EventCountry "HUN"]
[SourceTitle "CBM 215 Extra"]
[Source "ChessBase"]
[SourceDate "2023.09.30"]
[SourceVersion "1"]
[SourceVersionDate "2023.09.30"]
[SourceQuality "1"]

1. e4 e5 2. Nf3 Nc6 3. Bc4 Nf6 4. d4 exd4 5. e5 d5 6. Bb5 Ne4 7. Nxd4 Bc5 8. 0-0 Bd7 9. Bxc6 bxc6 10. c3 0-0 11. f3 Ng5 12. f4 Ne4 13. Nd2 Nxd2 14. Bxd2 f6 15. Kh1 fxe5 16. fxe5 Qe7 17. Qe2 Bb6 18. Nf3 Bg4 19. Rad1 Rae8 20. Rde1 Rf5 21. Qd3 Qd7 22. Ng5 g6 23. Rxf5 Bxf5 24. Qe2 h6 25. Nf3 Kh7 26. Nd4 Be4 27. Nf3 Qf5 28. b3 Bd3 29. Qd1 Bf2 30. Re2 Bxe2 31. Qxe2 Qb1+ 32. Ne1 Bxe1 33. Bxe1 Qe4 34. Qf2 Qxe5 35. Qf7+ Kh8 36. Bf2 Qe1+ 37. Bg1 Re7 38. Qxg6 Qxc3 39. Qxh6+ Kg8 40. Qg6+ Kf8 41. Qf5+ Ke8 42. Qc8+ Kf7 43. Qf5+ Qf6 44. Qh5+ Ke6 45. Qg4+ Qf5 46. Qe2+ Kd7 47. Qd1 Qe4 48. Bf2 Qe2 49. Qd4 Qf1+ 50. Bg1 Re2 51. Qg4+ Kd6 52. Qg3+ Ke6 53. Qg4+ Ke5 54. Qg7+ Ke4 55. Qd4+ Kf5 56. Qd3+ Kf6 57. Qd4+ Kf7 58. Qg4 Ke7 59. Qg5+ Kd7 60. Qg4+ Re6 61. Qg7+ Kd6 62. Qg3+ Ke7 63. Qxc7+ Kf6 64. Qd8+ Ke5 65. Qb8+ Ke4 66. Qb4+ Kd3 67. Qd4+ Kc2 68. Qc5+ Kb1 69. a4 Re2 0-1